Promoting optimum mental health trough counseling : (Record no. 91239)
[ view plain ]
| 000 -CABECERA | |
|---|---|
| campo de control de longitud fija | 00551nam a2200193 a 4500 |
| 005 - FECHA Y HORA DE LA ÚLTIMA TRANSACCIÓN | |
| campo de control | 20241114063740.0 |
| 008 - ELEMENTOS DE LONGITUD FIJA--INFORMACIÓN GENERAL | |
| campo de control de longitud fija | 020903s1999 mx r 000 0 spa d |
| 020 ## - NÚMERO INTERNACIONAL NORMALIZADO PARA LIBROS | |
| Número Internacional Estándar del Libro | 1561090840 |
| 035 ## - NÚMERO DE CONTROL DEL SISTEMA | |
| Número de control de sistema | UPN01000118876 |
| 049 ## - COLECCIÓN | |
| Colección | CG |
| 050 #4 - SIGNATURA TOPOGRÁFICA DE LA BIBLIOTECA DEL CONGRESO | |
| Número de clasificación | RA790.5 |
| Número de documento/Ítem | P7.6 |
| 245 00 - MENCIÓN DE TÍTULO | |
| Título | Promoting optimum mental health trough counseling : |
| Resto del título | an overview / |
| Mención de responsabilidad, etc. | ed. by J. Scott Hinkle |
| 260 ## - PUBLICACIÓN, DISTRIBUCIÓN, ETC. | |
| Lugar de publicación, distribución, etc. | Greensboro, NC : |
| Nombre del editor, distribuidor, etc. | CAPS : |
| -- | ERIC, |
| Fecha de publicación, distribución, etc. | c1999. |
| 300 ## - DESCRIPCIÓN FÍSICA | |
| Extensión | 366 p. |
| 650 #4 - ASIENTO SECUNDARIO DE MATERIA - TERMINO TEMATICO | |
| Término de materia o nombre geográfico como elemento de entrada | Salud mental |
| 9 (RLIN) | 22888 |
| 700 1# - ASIENTO SECUNDARIO--NOMBRE DE PERSONAL | |
| Nombre de persona | Hinkle, J. Scott, |
| Término indicativo de función/relación | ed. |
| 902 ## - ELEMENTOS DE DATOS B LOCAL, LDB (RLIN) | |
| Creó | BDV/BDV |
| 905 ## - TIPO DE MATERIAL | |
| Tipo de material | Libro |
| Estado de retiro | Estado de pérdida | Fuente del sistema de clasificación o colocación | Estado dañado | No para préstamo | Código de colección | Localización permanente | Ubicación/localización actual | Ubicación en estantería | Total de préstamos | Clasificación | Código de barras | Fecha visto por última vez | Número de copia | Tipo de ítem Koha |
|---|---|---|---|---|---|---|---|---|---|---|---|---|---|---|
| Library of Congress Classification | Colección General | Bib. Gregorio Torres Quintero | Bib. Gregorio Torres Quintero | Planta baja | RA790.5 P7.6 | 201864 | 31/12/2020 | 1 | Libro |
